| 000 | 00788nam a2200241 i 4500 | ||
|---|---|---|---|
| 001 | bg | ||
| 245 | 0 | 0 |
_aWarsztat pracy rzeczoznawcy budowlanego : _bV konferencja naukowo-techniczna, Kielce 27-29 kwietnia 1999 / _c[red. nauk. Zbigniew Rusin]. |
| 260 |
_aKielce : _bWydaw. Politechniki Świętokrzyskiej, _c1999. |
||
| 300 |
_a367 s. : _bfot., 2 pl., rys., wykr. ; _c23 cm. |
||
| 500 | _aTekst częśc. ang., słowac. | ||
| 504 | _aBibliogr. przy ref. | ||
| 650 | 9 | _aBudownictwo | |
| 650 | 9 |
_aEkspertyza _xbudownictwo |
|
| 655 | _aMateriały konferencyjne | ||
| 700 | 1 |
_aRUSIN, Zbigniew. _eRed. |
|
| 020 | _a8391120015 | ||
| 040 | _cBPK | ||
| 041 | 0 | _aplensl | |
| 080 | _a69.007.62(061) | ||
| 920 | _a83-911200-1-5 | ||
| 942 | _cKS | ||
| 008 | s pl f |000 0 pol | ||
| 999 |
_c37752 _d37752 |
||
| 856 |
_uhttp://koha.tu.koszalin.pl/cgi-bin/koha/opac-detail.pl?biblionumber=37752 _yKatalog online BPK |
||